Svetové komoditné trhy a ich perspektívy diplomová práca

Gespeichert in:
Bibliographische Detailangaben
1. Verfasser: Pitáková, Magdaléna
Körperschaft: Národohospodárska fakulta EU. Katedra bankovníctva a medzinárodných financií
Weitere Verfasser: Chovancová, Božena
Format: Buch
Sprache:Slowakisch
Veröffentlicht: Bratislava 2010
Tags: Tag hinzufügen
Keine Tags, Fügen Sie das erste Tag hinzu!

MARC

LEADER 00000nam a2200000 4500
001 0119555
005 20240318123535.6
041 0 |a slo 
044 |a SK 
245 1 0 |a Svetové komoditné trhy a ich perspektívy  |b diplomová práca  |c Magdaléna Pitáková ; škol. Božena Chovancová 
264 1 |a Bratislava  |c 2010 
300 |a 97 s. 
100 1 |a Pitáková, Magdaléna 
700 1 |a Chovancová, Božena 
710 2 |a Národohospodárska fakulta EU. Katedra bankovníctva a medzinárodných financií